<?xml version="1.0" encoding="UTF-8"?>
<record
    xmlns:xsi="http://www.w3.org/2001/XMLSchema-instance"
    xsi:schemaLocation="http://www.loc.gov/MARC21/slim http://www.loc.gov/standards/marcxml/schema/MARC21slim.xsd"
    xmlns="http://www.loc.gov/MARC21/slim">

  <leader>01213cam6a220033702 4500</leader>
  <controlfield tag="001">zam00002537</controlfield>
  <controlfield tag="008">951128s1965    xx                  eng u</controlfield>
  <datafield tag="035" ind1=" " ind2=" ">
    <subfield code="a">(Sirsi) r19890</subfield>
  </datafield>
  <datafield tag="035" ind1=" " ind2=" ">
    <subfield code="a">(MACHINE)SLC.</subfield>
  </datafield>
  <datafield tag="100" ind1=" " ind2=" ">
    <subfield code="a">Macpherson, C. B.</subfield>
    <subfield code="6">A80984.1</subfield>
  </datafield>
  <datafield tag="245" ind1="1" ind2="4">
    <subfield code="a">The real world of democracy.</subfield>
  </datafield>
  <datafield tag="260" ind1=" " ind2=" ">
    <subfield code="c">1965.</subfield>
  </datafield>
  <datafield tag="949" ind1=" " ind2=" ">
    <subfield code="a">JC433</subfield>
    <subfield code="w">lcc</subfield>
    <subfield code="i">33729000121181</subfield>
    <subfield code="m">MAIN</subfield>
    <subfield code="p">2500</subfield>
    <subfield code="t">SHORTLOAN</subfield>
    <subfield code="l">SHORTLOAN</subfield>
  </datafield>
  <datafield tag="949" ind1=" " ind2=" ">
    <subfield code="a">JC433</subfield>
    <subfield code="w">lcc</subfield>
    <subfield code="i">-18082</subfield>
    <subfield code="m">MAIN</subfield>
    <subfield code="t">BOOK</subfield>
    <subfield code="l">ON-SHELF</subfield>
  </datafield>
  <datafield tag="949" ind1=" " ind2=" ">
    <subfield code="a">JC433</subfield>
    <subfield code="w">lcc</subfield>
    <subfield code="i">-18083</subfield>
    <subfield code="m">MAIN</subfield>
    <subfield code="t">BOOK</subfield>
    <subfield code="l">ON-SHELF</subfield>
  </datafield>
  <datafield tag="949" ind1=" " ind2=" ">
    <subfield code="a">JC433</subfield>
    <subfield code="w">lcc</subfield>
    <subfield code="i">-18085</subfield>
    <subfield code="m">MAIN</subfield>
    <subfield code="t">BOOK</subfield>
    <subfield code="l">ON-SHELF</subfield>
  </datafield>
  <datafield tag="949" ind1="D" ind2=" ">
    <subfield code="a">JC433</subfield>
    <subfield code="w">lcc</subfield>
    <subfield code="i">-18086</subfield>
    <subfield code="m">MAIN</subfield>
    <subfield code="t">BOOK</subfield>
    <subfield code="l">ON-SHELF</subfield>
  </datafield>
  <datafield tag="949" ind1="D" ind2=" ">
    <subfield code="a">JC433</subfield>
    <subfield code="w">lcc</subfield>
    <subfield code="i">-18087</subfield>
    <subfield code="m">MAIN</subfield>
    <subfield code="t">BOOK</subfield>
    <subfield code="l">ON-SHELF</subfield>
  </datafield>
  <datafield tag="949" ind1="D" ind2=" ">
    <subfield code="a">JC433</subfield>
    <subfield code="w">lcc</subfield>
    <subfield code="i">-18088</subfield>
    <subfield code="m">MAIN</subfield>
    <subfield code="t">BOOK</subfield>
    <subfield code="l">ON-SHELF</subfield>
  </datafield>
  <datafield tag="949" ind1="D" ind2=" ">
    <subfield code="a">JC433</subfield>
    <subfield code="w">lcc</subfield>
    <subfield code="i">-18089</subfield>
    <subfield code="m">MAIN</subfield>
    <subfield code="t">BOOK</subfield>
    <subfield code="l">ON-SHELF</subfield>
  </datafield>
  <datafield tag="949" ind1="D" ind2=" ">
    <subfield code="a">JC433</subfield>
    <subfield code="w">lcc</subfield>
    <subfield code="i">-18090</subfield>
    <subfield code="m">MAIN</subfield>
    <subfield code="t">BOOK</subfield>
    <subfield code="l">ON-SHELF</subfield>
  </datafield>
  <datafield tag="949" ind1="D" ind2=" ">
    <subfield code="a">JC433</subfield>
    <subfield code="w">lcc</subfield>
    <subfield code="i">33729000025754</subfield>
    <subfield code="m">MAIN</subfield>
    <subfield code="p">2500</subfield>
    <subfield code="t">BOOK</subfield>
    <subfield code="l">ON-SHELF</subfield>
  </datafield>
  <controlfield tag="004">19890</controlfield>
  <datafield tag="591" ind1=" " ind2=" ">
    <subfield code="a">Class code: PL 110.</subfield>
  </datafield>
  <datafield tag="591" ind1=" " ind2=" ">
    <subfield code="a">Course: Introduction to government and politics.</subfield>
  </datafield>
  <datafield tag="591" ind1=" " ind2=" ">
    <subfield code="a">School: S05.</subfield>
  </datafield>
  <datafield tag="591" ind1=" " ind2=" ">
    <subfield code="a">Lecturer: Dr. LAWSON, L.A.</subfield>
  </datafield>
  <datafield tag="591" ind1=" " ind2=" ">
    <subfield code="a">Number of Students: 170.</subfield>
  </datafield>
  <datafield tag="900" ind1=" " ind2=" ">
    <subfield code="2">MAIN</subfield>
    <subfield code="8">JC433</subfield>
    <subfield code="9">MAC</subfield>
    <subfield code="c">2</subfield>
  </datafield>
  <datafield tag="909" ind1=" " ind2=" ">
    <subfield code="a">Book</subfield>
  </datafield>
  <datafield tag="999" ind1=" " ind2=" ">
    <subfield code="c">170140</subfield>
    <subfield code="d">170140</subfield>
  </datafield>
</record>
